Advances in accounting education : teaching and curriculum innovations /

Bibliographic Details
Other Authors: Rupert, Timothy J., (Editor), Kern, Beth B., (Editor)
Format: eBook
Language:English
Published: Bingley, England : Emerald, 2016.
Series:Advances in Accounting Education : Teaching and Curriculum Innovations ; Volume 19
Subjects:
Online Access:Click to View
LEADER 01946nam a2200421 i 4500
001 EBC5017951
003 MiAaPQ
005 20200520144314.0
006 m o d |
007 cr cnu||||||||
008 180216t20162016enka ob 000 0 eng d
020 |z 9781785609701 
020 |a 9781785609695 (e-book) 
035 |a (MiAaPQ)EBC5017951 
035 |a (Au-PeEL)EBL5017951 
035 |a (CaPaEBR)ebr11503740 
035 |a (OCoLC)960381456 
040 |a MiAaPQ  |b eng  |e rda  |e pn  |c MiAaPQ  |d MiAaPQ 
050 4 |a HF5630  |b .A383 2016 
082 0 |a 657.071  |2 21 
245 0 0 |a Advances in accounting education :  |b teaching and curriculum innovations /  |c edited by Timothy J. Rupert, Beth B. Kern. 
264 1 |a Bingley, England :  |b Emerald,  |c 2016. 
264 4 |c 2016 
300 |a 1 online resource (212 pages) :  |b illustrations. 
336 |a text  |2 rdacontent 
337 |a computer  |2 rdamedia 
338 |a online resource  |2 rdacarrier 
490 0 |a Advances in Accounting Education : Teaching and Curriculum Innovations ;  |v Volume 19 
504 |a Includes bibliographical references at the end of each chapters. 
588 |a Description based on online resource; title from PDF title page (EBC, viewed February 16, 2018). 
590 |a Electronic reproduction. Ann Arbor, MI : ProQuest, 2018. Available via World Wide Web. Access may be limited to ProQuest affiliated libraries. 
650 0 |a Accounting  |x Study and teaching  |v Periodicals. 
655 4 |a Electronic books. 
700 1 |a Rupert, Timothy J.,  |e editor. 
700 1 |a Kern, Beth B.,  |e editor. 
776 0 8 |i Print version:  |t Advances in accounting education : teaching and curriculum innovations.  |d Bingley, England : Emerald, c2016   |h xvi, 193 pages   |k Advances in Accounting Education : Teaching and Curriculum Innovations ; Volume 19   |z 9781785609701 
797 2 |a ProQuest (Firm) 
856 4 0 |u https://ebookcentral.proquest.com/lib/matrademy/detail.action?docID=5017951  |z Click to View